000 00832nam a22002537a 4500
005 20250430160633.0
008 250430b |||||||| |||| 00| 0 eng d
020 _a978-93-6177-387-7 (hbk)
037 _cTB
040 _aCRL
_cCRL
041 _2eng
_aeng
084 _aV2:594.L Q5
_qCRL
100 _aDigby, Simon
245 _aAgainst the Mughals:
_bDreams and wars of Dattu Sarvani
260 _aDelhi, India:
_bPrimus Books,
_c2015.
300 _axxii, 316p.
365 _b1595.00
_cINR
490 _aLife and works of Simon Digby
_vVol. 1
650 _aIndia - History
650 _aMilitary
700 _aLunn, David
_eeditor.
_9753598
942 _2CC
_cTB
_hV2:594.L Q5
_n0
999 _c1309850
_d1309850